Alternativas a la pena de prisin̤ Aplicacin̤ de la suspensin̤ del juicio a prueba en la Justicia Federal /

Bibliographic Details
Main Author: Battola, Karina Edith
Format: eBook
Language:Spanish
Subjects:
Online Access:Acceso restringido

MARC

LEADER 00000nam a22000007a 4500
005 20130709165012.0
007 cr|||| ||||
008 130709s2003 ar |||||s|||| 00| 0 spa d
020 |a 987-9233-85-9 
035 |a 11374 
040 |a vLex 
090 |c 4396  |d 4396 
100 1 |a Battola, Karina Edith 
245 1 0 |a Alternativas a la pena de prisin̤  |h [Recurso electrn̤ico] :  |b Aplicacin̤ de la suspensin̤ del juicio a prueba en la Justicia Federal /  |c Karina Edith Battola 
256 |a Servicio en ln̕ea 
300 |a 1 recurso electrn̤ico 
506 1 |a Contenido solo disponible en los productos indicados  |d vLex Global  |d vLex Global (Academic Edition, excluding Law Schools)  |d vLex Global (U.S. Academic Edition, Law Schools)  |d vLex Global (U.S. Academic Edition, excluding Law Schools)  |d vLex Global (Academic Edition, Law Schools) 
650 0 4 |a Derecho penal  |z Argentina 
650 0 4 |a Prisin̤  |x Alternativas  |z Argentina 
740 0 |a vLex Libros (Servicio en ln̕ea) 
856 4 0 |u http://vlex.com/source/alternativas-a-la-pena-de-prision-aplicacion-de-la-suspension-del-juicio-a-prueba-en-la-justicia-federal-11374  |z Acceso restringido 
942 |c BOOK 
999 0 |a Alternatives to imprisonment